000
00297nam a22001337a 4500
008
170927b xxu||||| |||| 00| 0 eng d
020
_a
0841209332
041
_a
eng
080
_a
37
100
_a
46
101
_a
EDU
245
_a
WRITING THE LABORATORY NOTEBOOK
_c
KANARE,H,M
942
_2
udc
_c
BK
999
_c
30132
_d
30132